000 00753nam a2200205Ia 4500
001 5643
003 GE_BSU
008 181216s||||||||xx |||||||||||||| ||und||
040 _cGE_BSU
080 _a51(075.8)
100 _aКлюева, П.А.; Тальский, Д.А;
245 _aПрактикум по математике для заочных техникумов.
245 _bУчебное пособие для заочного обучения в средних спец учеб. завед.
260 _aМосква
260 _bВысшая школа
260 _c1970
300 _a443 с. 20 см.
653 _aПрактикум по математике длязаочных техникумов
942 _cBK
999 _c39079
_d39079